Tilastot visalle Valtiot rajojen mukaan #3

Klikkaa tästä pelataksesi tätä visaa!

Yleistilastot

  • Tätä visaa on pelattu 1 135 kertaa
  • Keskiarvotulos 15 / 20

Vastaustilastot

MaarajatValtio% Oikein
Ruotsi, Suomi, VenäjäNorja
99%
Kiina, VenäjäMongolia
96%
ItaliaVatikaani
93%
ItaliaSan Marino
90%
Intia, KiinaNepal
86%
Argentiina, Bolivia, BrasiliaParaguay
78%
Algeria, Espanja, MauritaniaMarokko
75%
Romania, UkrainaMoldova
75%
Oman, Saudi-ArabiaJemen
74%
Brasilia, Guyana, RanskaSuriname
74%
Djibouti, Etiopia, SudanEritrea
72%
Italia, Itävalta, Kroatia, UnkariSlovenia
72%
Intia, KiinaBhutan
69%
IndonesiaItä-Timor
66%
Guatemala, HondurasEl Salvador
65%
Etelä-Afrikka, MosambikSwazimaa
62%
IndonesiaPapua-Uusi-Guinea
61%
Oman, Saudi-ArabiaYhdistyneet arabiemiirikunnat
58%
Mosambik, Sambia, TansaniaMalawi
51%
Gabon, KamerunPäiväntasaajan Guinea
48%

Tulosjakauma

Persentiili vastausten määrän mukaan

Jokaisen tuloksen saaneiden osuus

Tuloshistoriasi

Et ole pelannut tätä visaa